Better writing /

Bibliographic Details
Main Author: Canby, Henry Seidel, 1878-1961
Format: Book
Language:English
Published: New York : Harcourt, Brace and company, [1926]
Subjects:

MARC

Tag First Indicator Second Indicator Subfields
LEADER 00000cam a2200000 4500
001 in00000029392
005 20151007061510.0
008 750902s1926 nyu 00010 eng
010 |a  26010353  
035 |a (OCoLC)01593441 
035 |9 AAD2260AM 
040 |a DLC  |c IXA  |d OCL  |d TXA  |d UtOrBLW 
049 |a TXAM  |c [29756] 
050 0 0 |a PN147  |b .C3 
092 |a 808  |b C214b 
100 1 |a Canby, Henry Seidel,  |d 1878-1961. 
245 1 0 |a Better writing /  |c by Henry Seidel Canby. 
264 1 |a New York :  |b Harcourt, Brace and company,  |c [1926] 
264 4 |c [©1926] 
300 |a vi, 141 pages ;  |c 20 cm. 
336 |a text  |b txt  |2 rdacontent 
337 |a unmediated  |b n  |2 rdamedia 
338 |a volume  |b nc  |2 rdacarrier 
650 0 |a Authorship. 
999 |a MARS 
999 f f |s c75c5771-47f6-342a-acc7-8744e41e20d5  |i b40d80a7-7e14-3b87-b60c-4a7adf5995eb  |t 0 
952 f f |p ric  |a Texas A&M University  |b Rellis Campus  |c Joint Library Facility  |d Remote Storage  |t 0  |e PN147 .C3  |h Library of Congress classification  |i unmediated -- volume  |m A14801193332 
998 f f |a PN147 .C3  |t 0  |l Remote Storage